Invisible Stanley / (Record no. 3133)

MARC details
000 -LEADER
fixed length control field 01071pam a2200337 a 4500
001 - CONTROL NUMBER
control field 3133
003 - CONTROL NUMBER IDENTIFIER
control field FISKH
005 - DATE AND TIME OF LATEST TRANSACTION
control field 20240208102616.0
008 - FIXED-LENGTH DATA ELEMENTS--GENERAL INFORMATION
fixed length control field 960105s1996 nyua j 000 1 eng
010 ## - LIBRARY OF CONGRESS CONTROL NUMBER
LC control number 96000052
020 ## - INTERNATIONAL STANDARD BOOK NUMBER
International Standard Book Number 0064420299 (pbk.)
020 ## - INTERNATIONAL STANDARD BOOK NUMBER
International Standard Book Number 9780545223614
040 ## - CATALOGING SOURCE
Original cataloging agency DLC
Transcribing agency DLC
Modifying agency DLC
Language of cataloging eng
042 ## - AUTHENTICATION CODE
Authentication code lcac
050 00 - LIBRARY OF CONGRESS CALL NUMBER
Classification number PZ7.B81422
Item number In 1996
082 00 - DEWEY DECIMAL CLASSIFICATION NUMBER
Classification number [Fic]
Edition number 20
100 1# - MAIN ENTRY--PERSONAL NAME
Personal name Brown, Jeff,
Dates associated with a name 1926-2003
245 10 - TITLE STATEMENT
Title Invisible Stanley /
Statement of responsibility, etc. by Jeff Brown ; Pictures by Macky Pamintuan
250 ## - EDITION STATEMENT
Edition statement This edition first printing, September 2009
260 ## - PUBLICATION, DISTRIBUTION, ETC.
Place of publication, distribution, etc. New York :
Name of publisher, distributor, etc. Scholastic,
Date of publication, distribution, etc. 1996
300 ## - PHYSICAL DESCRIPTION
Extent 91, 7 pages :
Other physical details illustrations ;
Dimensions 20 cm
505 ## - FORMATTED CONTENTS NOTE
Formatted contents note K<br/>
520 ## - SUMMARY, ETC.
Summary, etc. One morning after a thunderstorm, the Lambchop family is surprised to discover that Stanley is suddenly invisible.
521 8# - TARGET AUDIENCE NOTE
Target audience note 520<br/>
Source Lexile<br/>
521 8# - TARGET AUDIENCE NOTE
Target audience note K<br/>
Source Raz-Plus<br/>
650 #1 - SUBJECT ADDED ENTRY--TOPICAL TERM
Topical term or geographic name entry element Brothers
General subdivision Fiction.
650 #1 - SUBJECT ADDED ENTRY--TOPICAL TERM
Topical term or geographic name entry element Humorous stories.
700 ## - ADDED ENTRY--PERSONAL NAME
Personal name Pamintuan, Macky
906 ## - LOCAL DATA ELEMENT F, LDF (RLIN)
a 7
b cbc
c orignew
d 1
e ocip
f 19
g y-gencatlg
942 ## - ADDED ENTRY ELEMENTS (KOHA)
Source of classification or shelving scheme Dewey Decimal Classification
Koha item type Books
Suppress in OPAC No
Holdings
Withdrawn status Lost status Source of classification or shelving scheme Damaged status Not for loan Collection Home library Current library Shelving location Date acquired Total Checkouts Full call number Barcode Date last seen Price effective from Koha item type
    Dewey Decimal Classification     Juvenile Fiction Footprints International School Library Network Toul Kork Campus Footprints International School Library Network Toul Kork Campus TK Primary Library Room(4th Floor), Bookcase 3&4, Shelves 17-32, Yellow Books 02/08/2024   Brown Fic PZ7.B81422 FISTK00408 02/08/2024 02/08/2024 Books